El primer hispanismo británico en la formación y contenidos de la más importante biblioteca española de libros prohibidos : (Record no. 196993)

MARC details
000 -LEADER
campo de control de longitud fija 01966nam a2200457 i 4500
001 - NÚMERO DE CONTROL
campo de control 196993
003 - IDENTIFICADOR DE NÚMERO DE CONTROL
campo de control ES-MaACL
005 - FECHA Y HORA DE LA ÚLTIMA TRANSACCIÓN
campo de control 20250809063550.0
008 - DATOS DE LONGITUD FIJA--INFORMACIÓN GENERAL
campo de control de longitud fija 250218s2010 sp | |||| 001 0 spa
015 ## - NÚMERO DE BIBLIOGRAFÍA NACIONAL
Número de bibliografía nacional MON10
017 ## - NÚMERO DE COPYRIGHT O DE DEPÓSITO LEGAL
Número de copyright o de depósito legal SE 5932-2010
Agencia que asigna Oficina Depósito Legal Sevilla
020 ## - NÚMERO INTERNACIONAL ESTÁNDAR DEL LIBRO
Número Internacional Estándar del Libro 9788467641974
035 ## - NÚMERO DE CONTROL DEL SISTEMA
Número de control de sistema (OCoLC)733611677
035 ## - NÚMERO DE CONTROL DEL SISTEMA
Número de control de sistema (SpMaBN)a4997871
040 ## - FUENTE DE CATALOGACIÓN
Centro catalogador/agencia de origen SpMaBN
Lengua de catalogación spa
Centro/agencia transcriptor SpMaBN
Normas de descripción rdc
080 ## - NÚMERO DE LA CLASIFICACIÓN DECIMAL UNIVERSAL
Número de la Clasificación Decimal Universal 929 Usoz y Río, Luis de
080 ## - NÚMERO DE LA CLASIFICACIÓN DECIMAL UNIVERSAL
Número de la Clasificación Decimal Universal 929 Wiffen, Benjamin Barron
080 ## - NÚMERO DE LA CLASIFICACIÓN DECIMAL UNIVERSAL
Número de la Clasificación Decimal Universal 098.1(460)
100 1# - ENTRADA PRINCIPAL--NOMBRE DE PERSONA
Nombre de persona Usoz y Río, Luis de,
Fechas asociadas al nombre 1805-1865
9 (RLIN) 112313
Término indicativo de función/relación Autor
243 10 - TÍTULO UNIFORME COLECTIVO
Título uniforme <a href="Correspondencia">Correspondencia</a>
245 13 - MENCIÓN DEL TÍTULO
Título El primer hispanismo británico en la formación y contenidos de la más importante biblioteca española de libros prohibidos :
Resto del título correspondencia inédita de Luis de Usoz con Benjamin B. Wiffen (1840-1850) /
Mención de responsabilidad, etc. [edición], Juan B. Vilar, Mar Vilar.
250 ## - MENCION DE EDICION
Mención de edición Primera edición
260 ## - PUBLICACIÓN, DISTRIBUCIÓN, ETC.
Lugar de publicación, distribución, etc. Santiponce, Sevilla :
Nombre del editor, distribuidor, etc. Cimpe ;
Lugar de publicación, distribución, etc. Alcalá de Guadaíra, Sevilla :
Nombre del editor, distribuidor, etc. MAD,
Fecha de publicación, distribución, etc. D.L. 2010
300 ## - DESCRIPCIÓN FÍSICA
Extensión 522 páginas ;
Dimensiones 21 cm
336 ## - TIPO DE CONTENIDO
Fuente rdacontent
Término de tipo de contenido texto
337 ## - TIPO DE MEDIO
Fuente rdamedia
Nombre/término del tipo de medio sin mediación
338 ## - TIPO DE SOPORTE
Fuente rdacarrier
Nombre/término del tipo de soporte volumen
490 1# - MENCIÓN DE SERIE
Mención de serie Eduforma. Colección Eduforma historia. Investigación y memoria ;
Designación de volumen o secuencia 1
504 ## - NOTA DE BIBLIOGRAFÍA, ETC.
Nota de bibliografía, etc. Bibliografía: páginas 473-508. Índices
600 14 - PUNTO DE ACCESO ADICIONAL DE MATERIA--NOMBRE DE PERSONA
Nombre de persona Usoz y Río, Luis de,
Fechas asociadas al nombre 1805-1865
Fuente del encabezamiento o término embne
9 (RLIN) 112313
600 17 - PUNTO DE ACCESO ADICIONAL DE MATERIA--NOMBRE DE PERSONA
Nombre de persona Wiffen, Benjamin B.,
Fechas asociadas al nombre 1794-1867
9 (RLIN) 148076
650 #7 - PUNTO DE ACCESO ADICIONAL DE MATERIA--TÉRMINO DE MATERIA
Término de materia o nombre geográfico como elemento de entrada Libros prohibidos-
Subdivisión geográfica España
9 (RLIN) 145979
700 1# - ENTRADA AGREGADA--NOMBRE PERSONAL
Nombre de persona Wiffen, Benjamin B.,
Fechas asociadas al nombre 1794-1867
9 (RLIN) 148076
Término indicativo de función/relación Autor
700 1# - ENTRADA AGREGADA--NOMBRE PERSONAL
Nombre de persona Vilar, Juan Bautista,
Fechas asociadas al nombre 1941-2018
9 (RLIN) 114797
Término indicativo de función/relación Editor literario
700 1# - ENTRADA AGREGADA--NOMBRE PERSONAL
Nombre de persona Vilar García, Mar
9 (RLIN) 114808
Término indicativo de función/relación Editor literario
852 ## - LOCALIZACIÓN
Ubicación ES-MaACL
Ubicación en estantería Depósito J
Número de control de estantería N-10365
Encuadernación Encuadernación rústica
itemnumber 206487
Donativo/Legado Donación: Editorial
942 ## - ELEMENTOS DE ENTRADA SECUNDARIOS (KOHA)
Tipo de ítem Koha Libro impreso
Suprimir en OPAC No
Holdings
Estatus retirado Estado de pérdida Fuente del sistema de clasificación o colocación Estado de daño No para préstamo Biblioteca de origen Biblioteca actual Ubicación en estantería Fecha de adquisición Fuente de adquisición Total de préstamos Signatura topográfica completa Código de barras Visto por última vez Precio de reemplazo Tipo de ítem Koha
    Clasificación decimal universal     Biblioteca del Ateneo de Madrid Biblioteca del Ateneo de Madrid Depósito J 07/08/2025 Donación   N-10365 2025-0866 07/08/2025 07/08/2025 Libro impreso